000 00774nam a2200241 4500
001 126791
003 ES-MaACL
005 20250813062718.0
007 t|
008 070214s1985 sp r ||||1| spa d
020 _a94-206-3158-2
100 1 _aRevueltas, José.
_996469
245 1 3 _aEl apando y otros relatos /
_cJosé Revueltas ; prólogo de Octavio Paz ; nota bibliográfica de Andrea Revueltas, Philippe Cheron.
260 _aMadrid :
_bAlianza,
_c1985.
300 _a174 p. ;
_c20 cm.
490 1 _aAlianza tres ;
_v158
700 1 _aPaz, Octavio,
_d1914-1998
_989753
700 1 _aRevueltas, Andrea.
_996468
700 1 _aCheron, Philippe.
_938370
830 0 0 _aAlianza tres
_v158
_9177344
852 _aES-MaACL
_jL-9694
_bR.111524
999 _c126791
_d126791